School Freezes Over! : (Record no. 225439)
[ view plain ]
| 000 -LEADER | |
|---|---|
| fixed length control field | 00538nam a22001815 4500 |
| 001 - CONTROL NUMBER | |
| control field | BK0018824811 |
| 005 - DATE AND TIME OF LATEST TRANSACTION | |
| control field | 20170911134935.0 |
| 008 - FIXED-LENGTH DATA ELEMENTS--GENERAL INFORMATION | |
| fixed length control field | 160511 eng |
| 020 ## - INTERNATIONAL STANDARD BOOK NUMBER | |
| International Standard Book Number | 9780545873734 : PAP |
| Terms of availability | 4.99 |
| 020 ## - INTERNATIONAL STANDARD BOOK NUMBER | |
| International Standard Book Number | 0545873738 : PAP |
| Terms of availability | 4.99 |
| 037 ## - SOURCE OF ACQUISITION | |
| Source of stock number/acquisition | Scholastic Paperbacks, Po Box 7502, Jefferson City, MO, USA, 65102 |
| Note | SAN 860-0023 |
| 040 ## - CATALOGING SOURCE | |
| Description conventions | rda |
| 050 ## - LIBRARY OF CONGRESS CALL NUMBER | |
| Classification number | PZ |
| 082 ## - DEWEY DECIMAL CLASSIFICATION NUMBER | |
| Classification number | E |
| 092 ## - LOCALLY ASSIGNED DEWEY CALL NUMBER (OCLC) | |
| Classification number | E |
| 100 ## - MAIN ENTRY--PERSONAL NAME | |
| Personal name | Chabert, Jack/ Ricks, Sam (ILT) |
| 9 (RLIN) | 5731826 |
| 245 00 - TITLE STATEMENT | |
| Title | School Freezes Over! : |
| Remainder of title | A Branches Book |
| 260 ## - PUBLICATION, DISTRIBUTION, ETC. (IMPRINT) | |
| Name of publisher, distributor, etc | Scholastic Paperbacks |
| Date of publication, distribution, etc | 2016 |
| 264 ## - Production, Publication, Distribution, Manufacture, and Copyright Notice. | |
| Place of production, publication, distribution, manufacture | new york |
| Name of producer, publisher, distributor, manufacturer | Scholastic Paperbacks |
| Date of production, publication, distribution, manufacture, or copyr | 2016 |
| 300 ## - PHYSICAL DESCRIPTION | |
| Extent | 96 p. ; |
| 336 ## - Content Type | |
| Content type term | book |
| 337 ## - Media type | |
| Media type term | book |
| 338 ## - Carrier type | |
| Carrier type term | book |
| 942 ## - ADDED ENTRY ELEMENTS (KOHA) | |
| Source of classification or shelving scheme | Dewey Decimal Classification |
| Koha item type | BOOK |
| Withdrawn status | Lost status | Source of classification or shelving scheme | Damaged status | Not for loan | Collection code | Home library | Current library | Shelving location | Date acquired | Cost, normal purchase price | Total Checkouts | Total Renewals | Full call number | Barcode | Date last seen | Date checked out | Cost, replacement price | Price effective from | Koha item type |
|---|---|---|---|---|---|---|---|---|---|---|---|---|---|---|---|---|---|---|---|
| Dewey Decimal Classification | Junior Fiction | Wasatch County Library | Wasatch County Library | Main Floor Junior Area | 10/11/2017 | 14.99 | 28 | 16 | J Chabert | 34301001504275 | 11/24/2025 | 07/21/2025 | 14.99 | 03/20/2020 | BOOK |
